On the Goursat problem in the Gevrey class for some second order equations; /
Αποθηκεύτηκε σε:
| Κύριος συγγραφέας: | |
|---|---|
| Μορφή: | Άρθρο |
| Γλώσσα: | English |
| Θέματα: | |
| Ετικέτες: |
Προσθήκη ετικέτας
Δεν υπάρχουν, Καταχωρήστε ετικέτα πρώτοι!
|
| Thư viện lưu trữ: | Thư viện Trường Đại học Đà Lạt |
|---|
| LEADER | 00798nam a2200265 4500 | ||
|---|---|---|---|
| 001 | DLU090078098 | ||
| 005 | ##20090608 | ||
| 040 | # | # | |a DLU |b eng |
| 041 | # | # | |a eng |
| 044 | # | # | |a JP |
| 100 | # | # | |a Hasegawa, Yukiko. |
| 245 | # | # | |a On the Goursat problem in the Gevrey class for some second order equations; / |c Yukiko Hasegawa. |
| 653 | # | # | |a Gevrey class |
| 653 | # | # | |a Goursat problem |
| 653 | # | # | |a Wellposedness |
| 773 | # | # | |t Journal of the Mathematical Society of Japan |g Vol. 55, no. 3 (July 2003), p. 669-679 |
| 920 | # | # | |a Phòng Tạp chí -- Trung tâm Thông tin - Thư viện Trường Đại học Đà Lạt |
| 994 | # | # | |a DLU |
| 900 | # | # | |a True |
| 911 | # | # | |a Trương Bảo Trâm Anh |
| 925 | # | # | |a G |
| 926 | # | # | |a A |
| 927 | # | # | |a BB |
| 980 | # | # | |a Thư viện Trường Đại học Đà Lạt |